000 00368nam a22001577a 4500
003 OSt
008 230221b |||||||| |||| 00| 0 eng d
041 _amal
082 _a894.812 3
_bEMI/WH
100 _aEmili Brondi
_95371
245 _aWhuthering Heights
250 _a2nd
260 _aThiruvananthapuram
_bChintha Publishers
_c2023
300 _a336
942 _cBK
999 _c17614
_d17614